[Event "Bundesliga 2425"]
[Site "Germany"]
[Date "2025.03.24"]
[Round "12.2"]
[White "Neugebauer, Martin"]
[Black "Zelbel, Patrick"]
[Result "1/2-1/2"]
[WhiteElo "2525"]
[BlackElo "2490"]
[PlyCount "51"]
[EventDate "2024.09.28"]
[EventType "team-tourn"]
[EventRounds "15"]
[EventCountry "GER"]
[SourceTitle "CB13_2025"]
[SourceDate "2025.03.26"]
[SourceVersion "1"]
[SourceVersionDate "2025.03.26"]
[SourceQuality "1"]
[WhiteTeam "Heimbach Weis Neuwied"]
[BlackTeam "Muelheim Nord"]
[WhiteTeamCountry "GER"]
[BlackTeamCountry "GER"]

1. e4 c5 2. Nf3 d6 3. d4 cxd4 4. Nxd4 Nf6 5. Nc3 a6 6. Be3 Ng4 7. Bc1 Nf6 8. h3 e6 9. g4 h6 10. Bg2 Be7 11. 0-0 0-0 12. Be3 Nc6 13. f4 Nd7 14. Nce2 Na5 15. b3 b5 16. Ng3 Bb7 17. Qd2 Nc6 18. Nxc6 Bxc6 19. f5 Rc8 20. Rad1 Nf6 21. Kh2 e5 22. Bf3 Bb7 23. Rf2 Ne8 24. Be2 Bh4 25. Bf3 Nf6 26. Qb4 1/2-1/2

[Event "SVK-chT 2425"]
[Site "Slovakia"]
[Date "2025.03.16"]
[Round "8.1"]
[White "Hrbek, Stepan"]
[Black "Neugebauer, Martin"]
[Result "1-0"]
[WhiteElo "2418"]
[BlackElo "2509"]
[PlyCount "63"]
[EventDate "2024.11.23"]
[EventType "team-tourn"]
[EventRounds "11"]
[EventCountry "SVK"]
[SourceTitle "CB14_2025"]
[SourceDate "2024.11.01"]
[SourceVersion "1"]
[SourceVersionDate "2024.11.01"]
[SourceQuality "1"]
[WhiteTeam "Osuske"]
[BlackTeam "Dunajska Streda"]
[WhiteTeamCountry "SVK"]
[BlackTeamCountry "SVK"]

1. d4 Nf6 2. c4 e6 3. Nc3 Bb4 4. Nf3 b6 5. e3 0-0 6. Bd3 d5 7. 0-0 c5 8. cxd5 exd5 9. Ne2 c4 10. Bc2 Re8 11. Ne5 Bd6 12. f4 b5 13. Nc3 a6 14. Nxd5 Bxe5 15. fxe5 Nxd5 16. Bxh7+ Kxh7 17. Qh5+ Kg8 18. Qxf7+ Kh7 19. e4 Nb4 20. Qh5+ Kg8 21. d5 Nd3 22. Qf7+ Kh8 23. Qh5+ Kg8 24. Qf7+ Kh8 25. Bg5 Qd7 26. Qh5+ Kg8 27. e6 Rxe6 28. dxe6 Qxe6 29. Rf3 Nd7 30. Raf1 Qb6+ 31. Be3 Nf6 32. Qg5 1-0

[Event "SVK-chT 2425"]
[Site "Slovakia"]
[Date "2025.01.19"]
[Round "4.1"]
[White "Karacsonyi, Gellert"]
[Black "Neugebauer, Martin"]
[Result "1-0"]
[WhiteElo "2384"]
[BlackElo "2509"]
[PlyCount "79"]
[EventDate "2024.11.23"]
[EventType "team-tourn"]
[EventRounds "11"]
[EventCountry "SVK"]
[SourceTitle "CB14_2025"]
[SourceDate "2024.11.01"]
[SourceVersion "1"]
[SourceVersionDate "2024.11.01"]
[SourceQuality "1"]
[WhiteTeam "Komarno"]
[BlackTeam "Dunajska Streda"]
[WhiteTeamCountry "SVK"]
[BlackTeamCountry "SVK"]

1. e4 c5 2. Nf3 e6 3. d4 cxd4 4. Nxd4 Nf6 5. Nc3 d6 6. g4 h6 7. Rg1 Be7 8. Be3 Nc6 9. f4 a6 10. Qf3 Nd7 11. 0-0-0 Qc7 12. Qh3 Nc5 13. f5 g6 14. Nxc6 Qxc6 15. Bd4 Bg5+ 16. Kb1 e5 17. Bxc5 Qxc5 18. Rg3 b5 19. Nd5 b4 20. a3 a5 21. Bb5+ Kf8 22. a4 Kg7 23. Rf3 Bb7 24. c4 Rhd8 25. Qf1 Rf8 26. f6+ Kh7 27. Qe1 Rfd8 28. Rdd3 Rac8 29. Rh3 Bxd5 30. Rxd5 Qb6 31. Rdd3 Kg8 32. Rhf3 Bf4 33. Rxf4 exf4 34. Qh4 Kh7 35. Rh3 h5 36. Qg5 Qg1+ 37. Ka2 b3+ 38. Kxb3 Rc5 39. Rxh5+ gxh5 40. Qg7# 1-0

[Event "HUN-chT 2425"]
[Site "Hungary"]
[Date "2024.12.14"]
[Round "3.7"]
[White "Neugebauer, Martin"]
[Black "Szalai, Kornel"]
[Result "1/2-1/2"]
[WhiteElo "2525"]
[BlackElo "2370"]
[PlyCount "153"]
[EventDate "2024.11.02"]
[EventType "team-tourn"]
[EventRounds "9"]
[EventCountry "HUN"]
[SourceTitle "CB16_2025"]
[SourceDate "2025.04.16"]
[SourceVersion "1"]
[SourceVersionDate "2025.04.16"]
[SourceQuality "1"]
[WhiteTeam "Ajka Sentimento"]
[BlackTeam "Mako Duocor"]
[WhiteTeamCountry "HUN"]
[BlackTeamCountry "HUN"]

1. e4 c5 2. Nf3 Nc6 3. Bb5 Na5 4. 0-0 a6 5. Be2 d6 6. d4 cxd4 7. Nxd4 Nf6 8. Nc3 e6 9. f4 Be7 10. Be3 Qc7 11. Qe1 b5 12. a3 Bb7 13. Qg3 g6 14. e5 Ne4 15. Nxe4 Bxe4 16. Bd3 Bb7 17. Rad1 Nc4 18. Bxc4 bxc4 19. f5 0-0-0 20. fxe6 dxe5 21. Rxf7 Rhe8 22. Bg5 Rxd4 23. Rxd4 Qc5 24. Bxe7 Qxd4+ 25. Qf2 Bd5 26. c3 Qd1+ 27. Qf1 Qxf1+ 28. Kxf1 h5 29. Rg7 Bxe6 30. Bd6 Bf5 31. Rc7+ Kd8 32. Ra7 Re6 33. Bc5 Kc8 34. Ke2 Rc6 35. Be3 Bg4+ 36. Kf2 Bf5 37. a4 Bd7 38. a5 Rd6 39. Ke2 Bc6 40. Re7 Bxg2 41. Bb6 e4 42. Rc7+ Kb8 43. Rxc4 Bf3+ 44. Ke3 Rd3+ 45. Kf4 g5+ 46. Kxg5 e3 47. Bc7+ Kc8 48. Bg3+ Kd8 49. Rc5 e2 50. Re5 Kd7 51. Kf4 Bg4 52. Re3 Rxe3 53. Kxe3 Kc6 54. Kd4 Be6 55. c4 Bg4 56. Be1 Be6 57. Bf2 Bf7 58. b3 Be6 59. Ke5 Bg4 60. Kf6 Bh3 61. Kg5 Bg4 62. b4 Bf3 63. h3 Bg2 64. Kh4 Bf3 65. Kg3 Be4 66. Kf4 Bg2 67. Kg3 Be4 68. Be1 Bf5 69. Kh4 Be6 70. Bf2 Bf5 71. Be1 Be6 72. c5 Bf5 73. Kg3 Be6 74. h4 Kb5 75. Kf3 Bg4+ 76. Ke4 Kc6 77. Ke5 1/2-1/2

[Event "SVK-chT 2425"]
[Site "Slovakia"]
[Date "2024.11.23"]
[Round "1.1"]
[White "Aczel, Gergely"]
[Black "Neugebauer, Martin"]
[Result "0-1"]
[WhiteElo "2488"]
[BlackElo "2525"]
[PlyCount "85"]
[EventDate "2024.11.23"]
[EventType "team-tourn"]
[EventRounds "11"]
[EventCountry "SVK"]
[SourceTitle "CB48_2024"]
[SourceDate "2024.11.28"]
[SourceVersion "1"]
[SourceVersionDate "2024.11.28"]
[SourceQuality "1"]
[WhiteTeam "Bratislava Slovan"]
[BlackTeam "Dunajska Streda"]
[WhiteTeamCountry "SVK"]
[BlackTeamCountry "SVK"]

1. d4 Nf6 2. c4 e6 3. Nc3 Bb4 4. e3 0-0 5. Bd2 d5 6. Nf3 b6 7. cxd5 exd5 8. Rc1 c5 9. dxc5 bxc5 10. Na4 Bxd2+ 11. Nxd2 c4 12. Be2 Bd7 13. 0-0 Na6 14. Nc3 Rc8 15. e4 d4 16. Nd5 d3 17. Bf3 Nxd5 18. exd5 Qh4 19. b3 cxb3 20. Qxb3 Nc5 21. Qb2 Qh6 22. Nc4 Rfe8 23. Qd4 Qa6 24. Ne5 d2 25. Rcd1 Qf6 26. Nc6 Rxc6 27. Qxf6 Rxf6 28. Rxd2 Rb6 29. Rc1 Ne4 30. Bxe4 Rxe4 31. f3 Ra4 32. Rc7 Rd6 33. Rb2 Kf8 34. Rbb7 Ke7 35. Rxa7 Rxa7 36. Rxa7 Rxd5 37. Kf2 Rd4 38. Ra3 Ra4 39. Re3+ Be6 40. a3 Kd6 41. g4 h5 42. h3 h4 43. Rd3+ 0-1

[Event "CZE-chT 2425"]
[Site "Czech Republic"]
[Date "2024.11.02"]
[Round "1.4"]
[White "Plat, Vojtech"]
[Black "Neugebauer, Martin"]
[Result "1/2-1/2"]
[WhiteElo "2464"]
[BlackElo "2525"]
[PlyCount "74"]
[EventDate "2024.11.01"]
[EventType "team-tourn"]
[EventRounds "11"]
[EventCountry "CZE"]
[SourceTitle "CB45_2024"]
[Source "ChessBase"]
[SourceDate "2024.11.06"]
[SourceVersion "1"]
[SourceVersionDate "2024.11.06"]
[SourceQuality "1"]
[WhiteTeam "Lysa nad Labem"]
[BlackTeam "Pardubice Sigil Fund"]
[WhiteTeamCountry "CZE"]
[BlackTeamCountry "CZE"]

1. e4 c5 2. c3 Nf6 3. e5 Nd5 4. Nf3 Nc6 5. Bc4 Nb6 6. Bb3 c4 7. Bc2 d6 8. exd6 Qxd6 9. 0-0 Bg4 10. h3 Bh5 11. Re1 0-0-0 12. Na3 Qf6 13. Be4 Ne5 14. g4 Nxf3+ 15. Qxf3 Qxf3 16. Bxf3 Bg6 17. b3 e6 18. Nxc4 Nxc4 19. bxc4 Bd3 20. Be2 Bc5 21. a4 Bxe2 22. Rxe2 Rd3 23. Kg2 Rhd8 24. Re5 b6 25. a5 Kb7 26. Ba3 Bxa3 27. Rxa3 Rc8 28. axb6 axb6 29. Rb5 Rxc4 30. Rb2 Rc7 31. Rba2 Rcd7 32. Ra7+ Kc6 33. Rxd7 Rxd7 34. f3 Rd5 35. Kf2 Ra5 36. Rb2 g5 37. Rb4 Ra1 1/2-1/2

[Event "CRO-chT1B 32nd"]
[Site "Veli Losinj"]
[Date "2024.10.13"]
[Round "9.2"]
[White "Polak, Tomas"]
[Black "Neugebauer, Martin"]
[Result "1/2-1/2"]
[WhiteElo "2472"]
[BlackElo "2525"]
[PlyCount "20"]
[EventDate "2024.10.05"]
[EventType "team-tourn"]
[EventRounds "9"]
[EventCountry "CRO"]
[SourceTitle "CB47_2024"]
[SourceDate "2024.11.20"]
[SourceVersion "1"]
[SourceVersionDate "2024.11.20"]
[SourceQuality "1"]
[WhiteTeam "Slavonski Brod Djakovic"]
[BlackTeam "Pozega"]
[WhiteTeamCountry "CRO"]
[BlackTeamCountry "CRO"]

1. Nf3 Nf6 2. g3 e6 3. Bg2 d5 4. 0-0 Be7 5. b3 0-0 6. Bb2 b6 7. d4 Bb7 8. Nbd2 Nbd7 9. c4 c5 10. Rc1 Rc8 1/2-1/2

[Event "CRO-chT1B 32nd"]
[Site "Veli Losinj"]
[Date "2024.10.09"]
[Round "5.2"]
[White "Kosic, Dragan"]
[Black "Neugebauer, Martin"]
[Result "1/2-1/2"]
[WhiteElo "2367"]
[BlackElo "2525"]
[PlyCount "37"]
[EventDate "2024.10.05"]
[EventType "team-tourn"]
[EventRounds "9"]
[EventCountry "CRO"]
[SourceTitle "CB47_2024"]
[SourceDate "2024.11.20"]
[SourceVersion "1"]
[SourceVersionDate "2024.11.20"]
[SourceQuality "1"]
[WhiteTeam "Rijeka Junior"]
[BlackTeam "Pozega"]
[WhiteTeamCountry "CRO"]
[BlackTeamCountry "CRO"]

1. d4 Nf6 2. Nf3 b6 3. Bg5 e6 4. Nbd2 Bb7 5. c3 h6 6. Bxf6 Qxf6 7. e4 c5 8. Bd3 cxd4 9. Nxd4 Nc6 10. Nxc6 Bxc6 11. Qe2 Bc5 12. 0-0 0-0 13. a4 Qe5 14. Nf3 Qc7 15. Bb5 Bb7 16. Ba6 Bc6 17. Bb5 Bb7 18. Ba6 Bc6 19. Bb5 1/2-1/2

[Event "SVK-ch"]
[Site "Bratislava"]
[Date "2024.06.16"]
[Round "3"]
[White "Neugebauer, Martin"]
[Black "Sahidi, Samir"]
[Result "1-0"]
[WhiteElo "2509"]
[BlackElo "2465"]
[PlyCount "107"]
[EventDate "2024.06.14"]
[EventType "tourn"]
[EventRounds "9"]
[EventCountry "SVK"]
[EventCategory "8"]
[SourceTitle "CBM 220 Extra"]
[Source "ChessBase"]
[SourceDate "2024.07.31"]
[SourceVersion "1"]
[SourceVersionDate "2024.07.31"]
[SourceQuality "1"]

1. e4 c5 2. Nf3 Nc6 3. d4 cxd4 4. Nxd4 e6 5. Nc3 Qc7 6. Qd3 a6 7. Nxc6 bxc6 8. Qg3 Qxg3 9. hxg3 d5 10. g4 Bd6 11. g5 Rb8 12. Bd3 Ne7 13. f4 c5 14. b3 Bb7 15. Bd2 Ng6 16. g3 0-0 17. Rh2 Rfc8 18. exd5 exd5 19. Kf1 c4 20. bxc4 dxc4 21. Bf5 Rd8 22. Ne4 Ba3 23. Bc3 Bc6 24. Re1 Nf8 25. Rd2 Ne6 26. Be5 Rbc8 27. Red1 Re8 28. Nd6 Bxd6 29. Rxd6 g6 30. Bg4 Be4 31. R1d2 c3 32. Re2 Bc6 33. Kf2 Ba4 34. Re3 Bxc2 35. Bxc3 Bf5 36. Bxf5 gxf5 37. Rxa6 Ra8 38. Rxa8 Rxa8 39. Re2 Nc5 40. Kg2 Ne4 41. Be5 Ra3 42. g4 h6 43. gxf5 Ng3 44. Bb2 Nxe2 45. Bxa3 Nxf4+ 46. Kf3 hxg5 47. Bd6 Nd5 48. a4 f6 49. a5 Kf7 50. Ke4 Nc3+ 51. Kd3 Na4 52. Kc2 Ke8 53. Kb3 Kd7 54. Bb4 1-0

[Event "SVK-ch"]
[Site "Bratislava"]
[Date "2024.06.14"]
[Round "1"]
[White "Neugebauer, Martin"]
[Black "Haring, Filip"]
[Result "1/2-1/2"]
[WhiteElo "2509"]
[BlackElo "2486"]
[PlyCount "94"]
[EventDate "2024.06.14"]
[EventType "tourn"]
[EventRounds "9"]
[EventCountry "SVK"]
[EventCategory "8"]
[SourceTitle "CBM 220 Extra"]
[Source "ChessBase"]
[SourceDate "2024.07.31"]
[SourceVersion "1"]
[SourceVersionDate "2024.07.31"]
[SourceQuality "1"]

1. e4 c6 2. d4 d5 3. exd5 cxd5 4. c4 Nf6 5. Nc3 Nc6 6. Nf3 Bg4 7. cxd5 Nxd5 8. Qb3 Bxf3 9. gxf3 e6 10. Qxb7 Nxd4 11. Bb5+ Nxb5 12. Qc6+ Ke7 13. Qxb5 Qd7 14. Nxd5+ Qxd5 15. Qxd5 exd5 16. 0-0 Ke6 17. Re1+ Kf5 18. Rd1 Ke6 19. Be3 Bd6 20. Rd3 Bb4 21. a3 Ba5 22. b4 Bb6 23. Bxb6 axb6 24. Re1+ Kf6 25. Rxd5 Rhd8 26. Rxd8 Rxd8 27. a4 Rd4 28. Re4 Rd1+ 29. Kg2 Ra1 30. b5 Kf5 31. Re7 Kf6 32. Ra7 g5 33. f4 gxf4 34. Kf3 Ra2 35. h4 Ke6 36. h5 h6 37. Ra6 Kf5 38. Rxb6 Rxa4 39. Rxh6 Ra3+ 40. Kg2 Kg5 41. Rh7 Rb3 42. Rxf7 Rxb5 43. Rh7 Rb3 44. h6 Kg6 45. Rh8 Ra3 46. h7 Kg7 47. Rf8 Kxh7 1/2-1/2

[Event "CZE-chT 2324"]
[Site "Czech Republic"]
[Date "2023.12.17"]
[Round "4.1"]
[White "Teclaf, Pawel"]
[Black "Neugebauer, Martin"]
[Result "1-0"]
[WhiteElo "2585"]
[BlackElo "2529"]
[PlyCount "73"]
[EventDate "2023.10.14"]
[EventType "team-tourn"]
[EventRounds "11"]
[EventCountry "CZE"]
[SourceTitle "EXT 2025"]
[Source "ChessBase"]
[SourceDate "2024.10.14"]
[SourceVersion "1"]
[SourceVersionDate "2024.10.14"]
[SourceQuality "1"]
[WhiteTeam "Poruba Slavoj"]
[BlackTeam "Pardubice"]
[WhiteTeamCountry "CZE"]
[BlackTeamCountry "CZE"]

1. c4 e6 2. Nc3 d5 3. e3 Nf6 4. Nf3 c5 5. cxd5 exd5 6. d4 Nc6 7. Bb5 Bd6 8. dxc5 Bxc5 9. 0-0 0-0 10. b3 Bg4 11. Bb2 Bd6 12. Be2 Rc8 13. Rc1 Bb8 14. Nd4 Qd6 15. g3 Bh3 16. Re1 Rfd8 17. Nxc6 bxc6 18. Qd4 c5 19. Qh4 Bf5 20. Red1 Qe6 21. Na4 Bd6 22. Bxf6 gxf6 23. Rd2 Be7 24. Rcd1 Qe5 25. Bf3 Be6 26. Bxd5 h5 27. Bxe6 fxe6 28. Nb2 Qf5 29. Qa4 Rxd2 30. Rxd2 Kf7 31. h4 Qf3 32. Nc4 Rc7 33. e4 Kf8 34. e5 f5 35. Nd6 Qc6 36. Qc4 Qd7 37. Rd3 1-0

[Event "Arad op 16th"]
[Site "Arad"]
[Date "2023.08.12"]
[Round "8"]
[White "Neugebauer, Martin"]
[Black "Toma, Radu Cristian"]
[Result "0-1"]
[WhiteElo "2536"]
[BlackElo "2373"]
[PlyCount "110"]
[EventDate "2023.08.07"]
[EventType "swiss"]
[EventRounds "9"]
[EventCountry "ROU"]
[SourceTitle "EXT 2024"]
[Source "ChessBase"]
[SourceDate "2023.10.10"]
[SourceVersion "1"]
[SourceVersionDate "2023.10.10"]
[SourceQuality "1"]

1. e4 c5 2. Nf3 Nc6 3. d4 cxd4 4. Nxd4 g6 5. c4 Nf6 6. Nc3 Nxd4 7. Qxd4 d6 8. Be3 Bg7 9. f3 0-0 10. Qd2 Be6 11. Rc1 Qa5 12. b3 Rfc8 13. Bd3 a6 14. Ne2 Qxd2+ 15. Kxd2 Bd7 16. Nf4 e6 17. g4 Be8 18. h4 Nd7 19. Ke2 Bb2 20. Rc2 Bg7 21. Kf2 b5 22. Be2 bxc4 23. Rxc4 Rxc4 24. Bxc4 Ne5 25. Be2 Kf8 26. h5 Rc8 27. h6 Bf6 28. Rc1 Rxc1 29. Bxc1 Bb5 30. Be3 Bh4+ 31. Kf1 Nxf3 32. Bxb5 axb5 33. Ke2 Ne5 34. g5 Bxg5 35. Nxe6+ fxe6 36. Bxg5 Ke8 37. Bf4 Nf7 38. a4 bxa4 39. bxa4 Kd7 40. Kf3 e5 41. Be3 Nd8 42. a5 Ne6 43. a6 Kc6 44. a7 Kb7 45. Bb6 Ng5+ 46. Ke3 Nf7 47. Kd3 Nxh6 48. Kc4 Nf7 49. Kd5 h5 50. Ke6 Ng5+ 51. Kxd6 Nf3 52. Bf2 g5 53. Ke6 g4 54. Kf5 Ka8 55. Bg3 Kxa7 0-1

[Event "Arad op 16th"]
[Site "Arad"]
[Date "2023.08.07"]
[Round "1"]
[White "Seite, Sullian"]
[Black "Neugebauer, Martin"]
[Result "0-1"]
[WhiteElo "1930"]
[BlackElo "2536"]
[PlyCount "48"]
[EventDate "2023.08.07"]
[EventType "swiss"]
[EventRounds "9"]
[EventCountry "ROU"]
[SourceTitle "EXT 2024"]
[Source "ChessBase"]
[SourceDate "2023.10.10"]
[SourceVersion "1"]
[SourceVersionDate "2023.10.10"]
[SourceQuality "1"]

1. c4 Nf6 2. Nc3 e6 3. e4 c5 4. Nf3 Nc6 5. d4 cxd4 6. Nxd4 Bb4 7. Nxc6 bxc6 8. Bd3 e5 9. Qc2 0-0 10. 0-0 Bc5 11. Rb1 a5 12. h3 d6 13. Bd2 Nh5 14. Kh2 Qh4 15. Be2 Nf4 16. Bxf4 Qxf4+ 17. g3 Qh6 18. h4 Qe6 19. Kg1 Qh3 20. Qd3 f5 21. Qf3 Rb8 22. Qg2 f4 23. g4 Qxh4 24. Qf3 Rf6 0-1